| 000 | 00510nam a22001937a 4500 | ||
|---|---|---|---|
| 999 |
_c7863 _d7863 |
||
| 003 | OSt | ||
| 005 | 20220331163535.0 | ||
| 008 | 220331b ||||| |||| 00| 0 eng d | ||
| 020 | _a8185731268 | ||
| 040 | _cnlm | ||
| 082 |
_aQV752 _bH78h 2003 |
||
| 100 |
_aHanda S.S; Kapoor V.K _915987 |
||
| 245 | _aTextbook of Pharmocognosy. | ||
| 260 |
_aNew Delhi: _bVallabh Prakashan; _c2003. |
||
| 300 |
_avii,400p.: _bill; _c24cm. |
||
| 504 | _aIncludes Index. | ||
| 650 |
_aPharmacognosy. _915988 |
||
| 942 |
_2z _cO_SHELF |
||